Statistics for How Fast Can You Type A L B A N I A

Click here to take the quiz!

General Stats

  • This quiz has been taken 22 times
  • The average score is 57 of 98

Answer Stats

Albania% Correct
A
100%
A
100%
A
100%
A
100%
B
100%
I
100%
L
100%
N
100%
L
93%
A
87%
B
87%
N
87%
A
80%
A
80%
A
80%
A
80%
A
80%
A
80%
A
80%
A
80%
A
80%
A
80%
A
80%
A
80%
A
80%
A
80%
A
80%
B
80%
B
80%
B
80%
B
80%
B
80%
I
80%
I
80%
I
80%
I
80%
I
80%
L
80%
L
80%
L
80%
L
80%
L
80%
N
80%
N
80%
N
80%
N
80%
A
73%
I
73%
N
73%
A
67%
A
67%
A
67%
B
67%
I
67%
L
67%
N
67%
A
60%
L
60%
A
53%
B
53%
N
53%
A
47%
I
47%
A
33%
A
33%
A
33%
A
33%
A
33%
A
33%
B
33%
B
33%
I
33%
I
33%
L
33%
L
33%
N
33%
N
33%
A
20%
A
13%
A
13%
A
13%
A
13%
A
13%
A
13%
A
13%
A
13%
B
13%
B
13%
B
13%
I
13%
I
13%
I
13%
L
13%
L
13%
L
13%
N
13%
N
13%
N
13%

Score Distribution

Percentile by Number Answered

Percent of People with Each Score

Your Score History

You have not taken this quiz